00358nam a2200133 a 450000500170000000800410001702000150005805000210007310000160009424500350011026000450014530000220019065000120021220140310183218.0030627s19uu xx 00 eng d a1863868097 aPZ 7b.T518 1992 aThorpe, Kay aPast all reason /cKay Thorpe. aSydney :bHarlequin Mills & Boon,c1992. a186 p. :c17 cm.  aFiction